Technológia služieb cestovných kancelárií : praktikum /

Uložené v:
Podrobná bibliografia
Hlavný autor: Orieška, Ján (Author)
Médium: Kniha
Jazyk:Slovak
Vydané: Bratislava : Vysoká škola ekonomická, 1991
Vydanie:1. vyd.
ISBN: 8022502421 (brož.)
Fyzický popis: 110 s.
Tagy: Pridať tag
Žiadne tagy, Buďte prvý kto otaguje tento záznam!

MARC

LEADER 00000nam a2200000 a 4500
001 000188694
005 20060720165551.0
008 060420s1991 xo e 000 0 sloo
020 |a 8022502421 (brož.) 
040 |a SVKKK  |b slo  |c SVKKK  |e AACR2 
041 0 |a slo 
044 |a xo  |c SK 
245 0 0 |a Technológia služieb cestovných kancelárií :  |b praktikum /  |c Ján Orieška ... [et al.] 
250 |a 1. vyd. 
260 |a Bratislava :  |b Vysoká škola ekonomická,  |c 1991 
300 |a 110 s. 
700 1 |a Orieška, Ján  |4 aut 
919 |a 80-225-0242-1 
998 |a BK 
090 |g SCKHL  |k Sklad Pribinova 3. posch.  |a V.175361  |j 825249  |i 2720198615  |s Povinný výt.